Music Quiz

Random Music or Song Quiz

ARIA Top Ten Singles of 2014 Quiz Stats

 Plays Quiz not verified by Sporcle

Challenge
Share
Tweet
Score 0/100 Timer 10:00
0 Plays Today
Artist Song Title % Correct
Pharrell WilliamsHappy
100%
Katy PerryRoar
95.2%
MAGIC!Rude
90.5%
Meghan TrainorAll About That Bass
90.5%
Taylor SwiftShake It Off
90.5%
Ed SheeranDon't
85.7%
Jessie J (feat. Ariana Grande & Nicki Minaj)Bang Bang
85.7%
Taylor SwiftBlank Space
85.7%
John LegendAll Of Me
81%
Ed SheeranSing
81%
Iggy Azalea (feat. Charli XCX)Fancy
81%
Sam SmithStay With Me
81%
HozierTake Me To Church
81%
A Great Big World & Christina AguileraSay Something
76.2%
Clean Bandit (feat. Jess Glynne)Rather Be
76.2%
SiaChandelier
76.2%
Ariana Grande (feat. Iggy Azalea)Problem
76.2%
Charli XCXBoom Clap
76.2%
Nicki MinajAnaconda
76.2%
Ed SheeranThinking Out Loud
76.2%
Meghan TrainorLips Are Movin'
76.2%
Mark Ronson (feat. Bruno Mars)Uptown Funk
76.2%
Jason DeruloTrumpets
71.4%
AviciiHey Brother
71.4%
Aloe BlaccThe Man
71.4%
SheppardGeronimo
71.4%
Jason Derulo (feat. Snoop Dogg)Wiggle
71.4%
Ariana Grande (feat. Zedd)Break Free
71.4%
Band Aid 30Do They Know It's Christmas?
71.4%
Sara BareillesBrave
66.7%
American AuthorsBest Day Of My Life
66.7%
Calvin HarrisSummer
66.7%
Nico & VinzAm I Wrong?
66.7%
Tove Lo (feat. Hippie Sabotage)Stay High
66.7%
Artist Song Title % Correct
ColdplayA Sky Full Of Stars
66.7%
EchosmithCool Kids
66.7%
One DirectionSteal My Girl
66.7%
Vance JoyRiptide
61.9%
5 Seconds Of SummerShe Looks So Perfect
61.9%
Rita OraI Will Never Let You Down
61.9%
5 Seconds Of SummerDon't Stop
61.9%
Ella HendersonGhost
61.9%
ColdplayMagic
57.1%
The Chainsmokers#SELFIE
57.1%
Justin TimberlakeNot A Bad Thing
57.1%
George EzraBudapest
57.1%
Calvin Harris (feat. John Newman)Blame
57.1%
The ScriptSuperheroes
57.1%
Jennifer LawrenceThe Hanging Tree
57.1%
TiestoRed Lights
52.4%
ZendayaReplay
52.4%
5 Seconds Of SummerAmnesia
52.4%
Calvin Harris (feat. Ellie Goulding)Outside
52.4%
Cash Cash (feat. Bebe Rexha)Take Me Home
47.6%
Pitbull (feat. G.R.L.)Wild Wild Love
47.6%
David Guetta & Showtek (feat. Vassy)Bad
47.6%
Milky ChanceStolen Dance
47.6%
Mr. ProbzWaves
47.6%
Ed SheeranI See Fire
42.9%
AviciiAddicted To You
42.9%
G.R.L.Ugly Heart
42.9%
AJRI'm Ready
42.9%
Lily Wood & The Prick with Robin SchulzPrayer In C
42.9%
David Guetta (feat. Sam Martin)Dangerous
42.9%
Nicki Minaj (feat. Skylar Grey)Bed Of Lies
42.9%
Kim CesarionUndressed
38.1%
ZHUFaded
38.1%
The Madden BrothersWe Are Done
38.1%
Artist Song Title % Correct
David Guetta (feat. Sam Martin)Lovers On The Sun
38.1%
Troye SivanHappy Little Pill
38.1%
Rudimental (feat. Emeli Sandé)Free
33.3%
London GrammarStrong
33.3%
David Guetta (feat. Skylar Grey)Shot Me Down
33.3%
Gabrielle AplinThe Power Of Love
33.3%
The VeronicasYou Ruin Me
33.3%
Jessica MauboyCan I Get A Moment?
33.3%
Joel Fletcher & SavageSwing
28.6%
Peking DukHigh
28.6%
Jessica MauboyNever Be The Same
28.6%
DVBBS & Borgeous (feat. Tinie Tempah)Tsunami (Jump)
28.6%
Paloma FaithOnly Love Can Hurt Like This
28.6%
Gabrielle AplinPlease Don't Say You Love Me
28.6%
will.i.am (feat. Cody Wise)It's My Birthday
28.6%
KlingandeJubel
28.6%
Timmy Trumpet (feat. Savage)Freaks
28.6%
AviciiThe Days
28.6%
MarlisaStand By You
28.6%
The VeronicasIf You Love Someone
28.6%
RihannaJump
23.8%
Taylor HendersonWhen You Were Mine
23.8%
RedfooNew Thang
23.8%
NathanielLive Louder
23.8%
Dean RayComing Back
23.8%
Hilltop HoodsCosby Sweater
23.8%
Will Sparks (feat. Wiley & Elen Levon)Ah Yeah So What
23.8%
Guy SebastianLike A Drum
19%
Peking Duk (feat. Safia)Take Me Over
19%
LordeThe Love Club EP
9.5%
Justice CrewQué Será
4.8%
AronChupaI'm An Albatroz
4.8%

You're not logged in!

Compare scores with friends on all Sporcle quizzes.
Join for Free
OR
Log In

You Might Also Like...

Show Comments

Extras

Created Dec 27, 2014ReportNominate
Tags:Artist Quiz, Song Quiz, 2014, aria, hit, peak, single, ten

Top Quizzes Today


Score Distribution

Your Account Isn't Verified!

In order to create a playlist on Sporcle, you need to verify the email address you used during registration. Go to your Sporcle Settings to finish the process.

Report this User

Report this user for behavior that violates our Community Guidelines.

Details: